Berühmte Militärs nach Bild und Nation - 2 - Statistiken

Allgemein
  • Dieses Quiz wurde 83 mal gespielt
  • Das Durchschnittsergebnis liegt bei 4 aus 8
Antwortstatistiken
Bildquiz Hint Antwort % Korrekt
Deutschland Erwin Rommel
86%
Griechenland Alexander der Große
81%
Vereinigte Staaten Dwight Eisenhower
77%
Israel David
61%
Russland Georgi Schukow
36%
Vereinigtes Königreich Wilhelm der Eroberer
19%
Ungarn Attila der Hunne
18%
Polen Jan Henryk Dąbrowski
4%
Keine übereinstimmenden Quizze gefunden
Verteilung der Resultate
Anzahl Personen mit jedem Resultat
Perzentil nach korrekt beantworteten Fragen
Ihre Resultats-Entwicklung
Sie haben dieses Quiz noch nicht gespielt